[Event "Novosibirsk-ch"]
[Site "Novosibirsk"]
[Date "2001.11.21"]
[Round "9"]
[White "Yakushev, Nikolai"]
[Black "Kuznetsov, Yakov"]
[Result "1-0"]
[WhiteElo "2215"]
[BlackElo "2254"]
[PlyCount "115"]
[EventDate "2001.11.13"]
[EventType "swiss"]
[EventRounds "9"]
[EventCountry "RUS"]
[SourceTitle "CBM 085 Extra"]
[Source "ChessBase"]
[SourceDate "2002.01.21"]
[SourceVersion "1"]
[SourceVersionDate "2002.01.21"]
[SourceQuality "1"]

1. d4 Nf6 2. c4 g6 3. g3 c5 4. Nf3 cxd4 5. Bg2 Nc6 6. Nxd4 Bg7 7. 0-0 0-0 8. Nc3 Nxd4 9. Qxd4 d6 10. Qd3 Rb8 11. Bg5 Be6 12. b3 Qa5 13. Qd2 h6 14. Be3 Ng4 15. Bd4 Qh5 16. h3 Ne5 17. f4 Nc6 18. Bxg7 Kxg7 19. Kh2 Bd7 20. e4 g5 21. Nd5 Bxh3 22. Bxh3 g4 23. Qg2 e6 24. Ne3 gxh3 25. Qf3 Qc5 26. Kxh3 h5 27. f5 Ne5 28. Qf4 Rg8 29. fxe6 fxe6 30. Qg5+ Ng6 31. Nf5+ exf5 32. exf5 Qe5 33. Rae1 Qf6 34. Qxg6+ Qxg6 35. fxg6 Kxg6 36. Re6+ Kg5 37. Ref6 Rg6 38. R1f5+ Kh6 39. Kh4 Re8 40. Rxh5+ Kg7 41. Rxg6+ Kxg6 42. Rd5 Re6 43. a4 Kf6 44. a5 a6 45. g4 Kg6 46. b4 Kf7 47. b5 Ke7 48. Rh5 Re4 49. Rh7+ Ke6 50. Rxb7 Rxc4 51. bxa6 Rc5 52. a7 Rxa5 53. g5 Kf5 54. Kh5 Kf4 55. Rf7+ Kg3 56. Kh6 Kg4 57. g6 Ra1 58. g7 1-0

[Event "Novosibirsk op"]
[Site "Novosibirsk"]
[Date "2001.07.28"]
[Round "10"]
[White "Kuznetsov, Yakov"]
[Black "Akselrod, Vladislav"]
[Result "0-1"]
[WhiteElo "2254"]
[BlackElo "2415"]
[PlyCount "148"]
[EventDate "2001.07.18"]
[EventType "swiss"]
[EventRounds "11"]
[EventCountry "RUS"]
[SourceTitle "CBM 083 Extra"]
[Source "ChessBase"]
[SourceDate "2001.09.11"]
[SourceVersion "1"]
[SourceVersionDate "2001.09.11"]
[SourceQuality "1"]

1. d4 d5 2. c4 c6 3. Nf3 Nf6 4. Nc3 g6 5. Bg5 Ne4 6. Bf4 Qa5 7. cxd5 Nxc3 8. Qd2 cxd5 9. Qxc3 Qxc3+ 10. bxc3 Nc6 11. e3 f6 12. Rb1 Na5 13. Rb5 b6 14. Rxd5 Be6 15. Rxa5 bxa5 16. c4 Rc8 17. c5 Bd5 18. Ba6 Ra8 19. 0-0 e5 20. Nxe5 fxe5 21. Bxe5 Rg8 22. e4 Bxa2 23. Ra1 Bb3 24. Rxa5 Bg7 25. f4 Bxe5 26. fxe5 Rd8 27. d5 Bxd5 28. exd5 Rxd5 29. Bc4 Rd1+ 30. Kf2 Rf8+ 31. Kg3 Rc1 32. Bd5 Rc3+ 33. Bf3 Rf7 34. c6 Rc7 35. Kf4 h6 36. Bd5 Rc1 37. h4 Rf1+ 38. Kg4 Kf8 39. Bf3 Rc1 40. Kf4 Rc4+ 41. Be4 Kg7 42. Ke3 Rc3+ 43. Kd4 Rc1 44. Rb5 Kf8 45. Rb7 Re7 46. e6 Rxe6 47. c7 Ke8 48. h5 Kd7 49. hxg6 Rd1+ 50. Ke3 Re1+ 51. Kf2 R1xe4 52. g7 Rf6+ 53. Kg1 Rg4 54. Rb8 Kxc7 55. g8Q Rxg8 56. Rxg8 a5 57. Ra8 Kb6 58. Kh2 Kb5 59. Kh3 a4 60. g4 Ra6 61. Rb8+ Rb6 62. Ra8 Kb4 63. Rf8 a3 64. Rf4+ Kb3 65. Rf3+ Ka4 66. Rf4+ Rb4 67. Rf2 Rb5 68. Rf4+ Kb3 69. Rf3+ Ka2 70. Rf2+ Ka1 71. Kh4 a2 72. Rh2 Ra5 73. Rf2 Kb1 74. Rf1+ Kb2 0-1

[Event "RUS-ch U18"]
[Site "Rybinsk"]
[Date "2001.??.??"]
[Round "1"]
[White "Kuznetsov, Yakov"]
[Black "Dobrov, Vladimir"]
[Result "0-1"]
[WhiteElo "2268"]
[BlackElo "2417"]
[PlyCount "92"]
[EventDate "2001.02.??"]
[EventType "swiss"]
[EventRounds "10"]
[EventCountry "RUS"]
[SourceTitle "EXT 2002"]
[Source "ChessBase"]
[SourceDate "2001.11.25"]
[SourceVersion "1"]
[SourceVersionDate "2001.11.25"]
[SourceQuality "1"]

1. d4 d5 2. c4 c6 3. Nf3 Nf6 4. Nc3 e6 5. Bg5 h6 6. Bxf6 Qxf6 7. e3 Nd7 8. Bd3 Qd8 9. cxd5 exd5 10. 0-0 Be7 11. Rc1 0-0 12. Bb1 Bd6 13. Qd3 g6 14. Ne2 Nf6 15. Ng3 Re8 16. Ne5 Bxe5 17. dxe5 Ng4 18. Qd4 Nxe5 19. f4 Ng4 20. Rf3 Qb6 21. Rc5 Bd7 22. h3 Nxe3 23. Rxe3 Rxe3 24. Qxe3 Qxb2 25. Qc1 Qd4+ 26. Kh2 Re8 27. Rc3 h5 28. f5 h4 29. fxg6 hxg3+ 30. Rxg3 f5 31. Qh6 Re7 32. Bd3 Qe5 33. Qh4 c5 34. Kh1 c4 35. g7 Rxg7 36. Qd8+ Qe8 37. Rxg7+ Kxg7 38. Qg5+ Kf7 39. Qh5+ Kf6 40. Qh6+ Ke5 41. Bc2 d4 42. Bd1 Bc8 43. Bh5 Qg8 44. Bg6 c3 45. Qg5 Qe6 46. h4 Qf6 0-1

[Event "RUS-ch U18"]
[Site "Rybinsk"]
[Date "2001.??.??"]
[Round "7"]
[White "Kuznetsov, Yakov"]
[Black "Nechepurenko, Roman V"]
[Result "1-0"]
[WhiteElo "2268"]
[BlackElo "2062"]
[PlyCount "107"]
[EventDate "2001.02.??"]
[EventType "swiss"]
[EventRounds "10"]
[EventCountry "RUS"]
[SourceTitle "EXT 2002"]
[Source "ChessBase"]
[SourceDate "2001.11.25"]
[SourceVersion "1"]
[SourceVersionDate "2001.11.25"]
[SourceQuality "1"]

1. c4 Nf6 2. Nc3 d5 3. cxd5 Nxd5 4. g3 g6 5. Bg2 Nxc3 6. bxc3 Bg7 7. Rb1 0-0 8. Rxb7 Bxb7 9. Bxb7 Nd7 10. Bxa8 Qxa8 11. Nf3 Ne5 12. 0-0 Nxf3+ 13. exf3 Qd5 14. Qa4 a5 15. Kg2 Rb8 16. Re1 e6 17. Re4 Bf8 18. Rd4 Qc5 19. Rc4 Qe5 20. d4 Qe1 21. Qc2 Bd6 22. Ra4 Rb5 23. c4 Rb8 24. c5 Be7 25. Qd2 Qxd2 26. Bxd2 e5 27. dxe5 Bxc5 28. Rxa5 Bd4 29. Be3 Bxe3 30. fxe3 Rb2+ 31. Kh3 Rf2 32. f4 Re2 33. Ra8+ Kg7 34. Rc8 Rxa2 35. Rxc7 Kg8 36. e6 fxe6 37. Re7 Ra6 38. Kg4 h6 39. e4 Rb6 40. e5 Ra6 41. h4 Rb6 42. Rd7 h5+ 43. Kg5 Rb3 44. Kxg6 Rxg3+ 45. Kf6 Rg4 46. Rd4 Rxh4 47. Kxe6 Rg4 48. Rd8+ Kh7 49. f5 h4 50. Rd3 Rg3 51. Rd4 h3 52. Rh4+ Kg8 53. f6 Re3 54. f7+ 1-0